00720nam a2200217Ia 4500003000400000005001700004008004100021020001800062040000700080041000800087082001300095100003200108245005900140260004900199300001500248365001300263906004700276942001200323999001900335952014800354OSt20230403102741.0210423s2010 xx 000 0 und d a9789380213002 cAL aeng a823 PATM aPATIL (Mallikarjun).982215 aThis is India and other stories: or scenes from India. aDharwadbShivangouda Patil Publicationc2010 avii,96bPB b100cINR aindia ; india. ; other ; scenes ; stories: 2ddccBK c157918d157918 001040708MAENGaSACPGbSACPGd2010-05-24eShivanagouda Patilg100.00l3o823 PATMpPG004395r2025-07-28 11:57:24s2025-07-14w2021-04-26yBK